Yogscast Members - Statistics

General Stats
  • This quiz has been taken 44 times
    28 since last reset
  • The average score is 27 of 43
Answer Stats
Hint Answer % Correct
Mad Scientist Duncan
100%
BlueXephos Lewis
100%
InTheLittleWood Martyn
100%
Honeydew Simon
100%
Shit the bed Tom
100%
Salty Strategist Rythian
95%
Big Girl Sips
95%
100% Win Rate Zylus
95%
Rambler Alex
91%
Sailor Moon Bouphe
91%
Flux Kim
91%
SquidGaming Lydia
91%
Ex Scottish Window Cleaner Ravs
91%
Tea Spiff
91%
Penguins Pedguin
86%
They cant reach 1 milllion subs Hat Films
82%
E-Girl dobby Boba
73%
Dota PyrionFlax
73%
Hey Good Lookins whats cookins Zoey
73%
Scottish Cat Lover Nilesy
64%
Boat King Daltos
59%
2nd Yogs Clips Drakon Astron
59%
Newest Member Osie
59%
Bun Squad Briony
55%
Leader of blebs Harry
55%
DND Master Mark H
55%
Demon Den Mousie
55%
Welshman Breeh
50%
Best Chef in the Yogs Fiona
50%
Knows Japanese Leo
50%
Did Pyrion Cosplay Mango
50%
Yogs Clips Xenophyte
50%
Poops Guns Wilsonator
45%
Shady Australian Gee
41%
Australian HOI 4 Player Rimmy
36%
Danish HOI 4 Player Bokoen
32%
Belgian lives Matter ISP
32%
Doodle Break Joe
32%
Discount Hat Films Vidiots
32%
Used to run 'Conquest!' Bekki
23%
TABS Youtuber Checkpoint
18%
Polish Vadact
9%
Faked Engagement MiniMuka
0%
No matching quizzes found
Score Distribution
Percent of People with Each Score
Percentile by Number Answered
Your Score History
You have not taken this quiz since the last reset